000 00289nam a22001337a 4500
008 171228b xxu||||| |||| 00| 0 eng d
020 _a683893001
041 _aeng
080 _a658
100 _a54
101 _aLID
245 _aCharismatic Leadership
_cConger, J.A
942 _2udc
_cBK
999 _c39520
_d39520